00397nam a2200157Ia 4500003000900000008004100009020002200050040001600072080001600088100001600104245003600120260003400156300001000190650002400200650001500224IN-BaIIA211028s9999 xx 000 0 eng d a978-93-5111-053-8 cIIA Library a536.75bRAM aRaman, Amit 0aStatistical physicscAmit Raman aNew DelhibRandom Housec2013 a282p. aStatistical physics aStatistics